书目信息 |
| 题名: |
消防安全技术综合能力
|
|
| 作者: | ;环球网校消防工程师考试研究院组 编 | |
| 分册: | ||
| 出版信息: | 北京 中国石化出版社 2019 |
|
| 页数: | 186页 | |
| 开本: | 26cm | |
| 丛书名: | ||
| 单 册: | ||
| 中图分类: | TU998.1 | |
| 科图分类: | ||
| 主题词: | 消防--安全技术--资格考试--自学参考资料 | |
| 电子资源: | ||
| ISBN: | 978-7-5114-5289-4 | |
| 000 | 00989nam0 2200229 45 | |
| 001 | 012001003181 | |
| 005 | 20140129132317.0 | |
| 010 | @a978-7-5114-5289-4@dCNY45.00 | |
| 100 | @a20190410d2019 em y0chiy0110 ea | |
| 101 | 0 | @achi |
| 102 | @aCN@b110000 | |
| 105 | @ay z 000yy | |
| 106 | @ar | |
| 200 | 1 | @a消防安全技术综合能力@9xiao fang an quan ji shu zong he neng li@f环球网校消防工程师考试研究院组编 |
| 210 | @a北京@c中国石化出版社@d2019 | |
| 215 | @a186页@d26cm | |
| 330 | @a本书依据大纲的要求设计知识点,并在知识点后附有经典例题,使读者更好的掌握理论知识。每个篇、章后分别设有练习题,内容综合性强,使读者在巩固所学知识点外,更能够融会贯通。书末配有2套模拟题,使考生能结合复习内容更好地检测自己的复习程度。 | |
| 606 | 0 | @a消防@x安全技术@x资格考试@j自学参考资料 |
| 690 | @aTU998.1@v5 | |
| 711 | 02 | @a环球网校消防工程师考试研究院组@9huan qiu wang xiao xiao fang gong cheng shi kao shi yan jiu yuan zu@4编 |
| 801 | 0 | @aCN@b北京卓展@c20191020 |
| 905 | @b1210673-6@dTU998.1@e1557@f4 | |
| 消防安全技术综合能力/环球网校消防工程师考试研究院组编.-北京:中国石化出版社,2019 |
| 186页;26cm |
| ISBN 978-7-5114-5289-4:CNY45.00 |
| 本书依据大纲的要求设计知识点,并在知识点后附有经典例题,使读者更好的掌握理论知识。每个篇、章后分别设有练习题,内容综合性强,使读者在巩固所学知识点外,更能够融会贯通。书末配有2套模拟题,使考生能结合复习内容更好地检测自己的复习程度。 |
| ● |
| 相关链接 |
|
|
|
|
正题名:消防安全技术综合能力
索取号:TU998.1/1557
 
预约/预借
| 序号 | 登录号 | 条形码 | 馆藏地/架位号 | 状态 | 备注 |
| 1 | 1210673 | 212106736 | 第二样本阅览室/ [索取号:TU998.1/1557] | 在馆 | |
| 2 | 1210674 | 212106745 | 第三借阅区/ [索取号:TU998.1/1557] | 在馆 | |
| 3 | 1210675 | 212106754 | 第三借阅区/ [索取号:TU998.1/1557] | 在馆 | |
| 4 | 1210676 | 212106763 | 第三借阅区/ [索取号:TU998.1/1557] | 在馆 |